LEADER 01274nam a2200289 a 4500 001 000000124309 003 CaOOAMICUS 005 20110210170121.0 008 110210s2010 it u000 u ita r 020 $a978-88-430-5556-2 040 $aPUL$bita 082 04$a306.85 245 00$aMolte infanzie molte famiglie :$binterpretare i contesti in pedagogia /$ca cura di Mariagrazia Contini. 260 $aRoma :$bCarocci,$c©2010. 300 $a178 p. ;$c22 cm 490 1 $aUniversità. Scienze dell'educazione ;$v830 650 4$aPedagogia$xFamiglia.$0(OLS)http://pul/subject/29307 700 1 $aContini, Mariagrazia.$0(OLS)http://pul/name/78487 830 0$aUniversità (Carocci).$pScienze dell'educazione ;$v830.$0(OLS)http://pul/title/156691 850 $aPUL 852 $aPUL$W1$xSL Diritto e Scienze Sociali 3$y79$m306. 85 CONMA 1$j143105$qDDC 21$B142137$CPULBib$Z2$F142137 $H115438 $82 941 1 $a9 996 $6020$a978-88-430-5556-2$9(OLS)http://pul/number/146330 996 $6082$a306.85$9(OLS)http://pul/classification/1842 996 $6245$aMolte infanzie molte famiglie :$binterpretare i contesti in pedagogia$9(OLS)http://pul/title/156692 996 $6260$aRoma :$bCarocci$9(OLS)http://pul/publisher/66917 LEADER 01138nam a2200277 u 4500 001 000000091916 003 CaOOAMICUS 005 20070226124900.0 008 060329s1922 gw u000 u ger u 035 $a11083781 040 $aPUL(R)$bita 041 1 $ager$hgrc 100 0 $aPlato,$d427-347 a.C.$0(OLS)http://pul/name/250 240 10$aApologia Socratis$9(Plato, 427-347 a.C.).$lTedesco.$0(OLS)http://pul/title/118641 245 10$aApologie des Sokrates /$cPlaton ; Übersetzt und erläutert von Otto Apelt. 260 $aLeipzig :$bMeiner,$c1922. 300 $a108 p. ;$c19 cm 490 1 $aDer philosophischen Bibliotek ;$v180 700 1 $aApelt, Otto,$dn. 1845.$0(OLS)http://pul/name/59246 830 4$aDer philosophischen Bibliotek ;$v180.$0(OLS)http://pul/title/73245 850 $aPUL 852 $aPUL$W1$xDP1 Fondo Seidl$y56$m3 C 33$j38515$nBK-PRI$b $qFondi$B115684$CPULBib$Z2$F115684 $H $81 900 $aPlatone,$d427-347 a.C.$9250 941 1 $a1 996 $6245$aApologie des Sokrates$9(OLS)http://pul/title/118642 996 $6260$aLeipzig :$bMeiner$9(OLS)http://pul/publisher/69709